00365nam a2200145Ia 4500008004100000020001800041041000800059082002100067100002000088245004400108250000600152260002700158300001200185650002200197210716s1991 xx 000 0 und d a9780814477403 aeng a658.0220285 SULN aSullivan, Nick. aComputer power for your small business. a1 aNew YorkbAMACOMc1991 axiv,274 aGeneral Knowledge